[Event "8eme Open International de La Fere"]
[Site "La Fere (FRA)"]
[Date "2009.07.08"]
[Round "6.21"]
[White "Noordhoek, Henk"]
[Black "Van Poucke, Guy"]
[Result "1-0"]
[WhiteElo "2080"]
[BlackElo "1190"]
[PlyCount "23"]
[EventDate "2009.??.??"]

1. e4 c5 2. Nc3 Nc6 3. g3 e6 4. Bg2 d6 5. d3 Nf6 6. f4 Be7 7. Nf3 O-O 8. O-O a6
9. h3 e5 10. f5 Nd4 11. Kh2 d5 12. Nxd5 1-0

[Event "8eme Open International de La Fere"]
[Site "La Fere (FRA)"]
[Date "2009.07.08"]
[Round "6.22"]
[White "Honorable, Nicolas"]
[Black "Thomas, Olivier"]
[Result "0-1"]
[WhiteElo "1220"]
[BlackElo "2068"]
[PlyCount "86"]
[EventDate "2009.??.??"]

1. e4 c5 2. Bc4 e6 3. Nc3 a6 4. a4 Nc6 5. Nf3 Nf6 6. d4 cxd4 7. Nxd4 Qc7 8. O-O
Ne5 9. Ba2 Bb4 10. Bg5 Neg4 11. g3 Bxc3 12. Bxf6 Nxf6 13. bxc3 Nxe4 14. Qg4 Qe5
15. Rfe1 f5 16. Qh4 Qf6 17. Qxf6 gxf6 18. Re3 Kf8 19. f3 Nc5 20. a5 Rg8 21.
Rae1 f4 22. R3e2 fxg3 23. hxg3 Rxg3+ 24. Kh2 Rg5 25. Kh3 e5 26. f4 d6+ 27. Kh2
Rh5+ 28. Kg1 Rh4 29. fxe5 dxe5 30. Nf3 Rg4+ 31. Kh2 Be6 32. Nxe5 fxe5 33. Rxe5
Bxa2 34. Rxc5 Rg7 35. Rf1+ Kg8 36. Rg1 Rxg1 37. Kxg1 Rf8 38. Kg2 Bf7 39. Kg3
Bg6 40. Rc7 Rf7 41. Rxf7 Kxf7 42. Kf4 Ke6 43. Ke3 Kd5 0-1

[Event "8eme Open International de La Fere"]
[Site "La Fere (FRA)"]
[Date "2009.07.08"]
[Round "6.23"]
[White "Cherief, Hicham"]
[Black "Daces, Philippe"]
[Result "0-1"]
[WhiteElo "1199"]
[BlackElo "2023"]
[PlyCount "150"]
[EventDate "2009.??.??"]

1. e4 d5 2. exd5 Qxd5 3. Nc3 Qa5 4. Nf3 Nf6 5. Bc4 Bg4 6. O-O e6 7. a3 Nc6 8.
Bb5 Bd6 9. d3 O-O 10. Bxc6 bxc6 11. Bd2 Qh5 12. h3 Bxf3 13. Qxf3 Qxf3 14. gxf3
Rab8 15. Rab1 Rb7 16. Ne4 Be7 17. a4 Nd7 18. b3 f5 19. Ng3 e5 20. Rbe1 Bd6 21.
Ne2 Rbb8 22. Be3 a6 23. Bd2 Rbe8 24. Ng3 h6 25. h4 Kh7 26. h5 Nf6 27. Nxf5 Nxh5
28. Nxd6 cxd6 29. Kg2 Rf5 30. Re4 Ref8 31. Rh1 Rxf3 32. Be3 R3f5 33. c3 Nf4+
34. Bxf4 Rxf4 35. Rxf4 Rxf4 36. Kg3 g5 37. Rb1 h5 38. b4 h4+ 39. Kg2 Kg6 40. c4
Rf7 41. b5 cxb5 42. cxb5 axb5 43. axb5 Rb7 44. Kh3 Kf5 45. Rb4 Rb6 46. Kg2 d5
47. Kf3 d4 48. Kg2 Kf4 49. Kg1 Kf3 50. Kf1 g4 51. Kg1 Ke2 52. Rb3 Kd2 53. Kg2
Kc2 54. Rb4 Kxd3 55. f3 h3+ 56. Kg3 h2 57. Kxh2 gxf3 58. Kg3 Kc3 59. Rb1 Kc4
60. Kxf3 Rxb5 61. Rc1+ Kd5 62. Ke2 Rb2+ 63. Kf1 d3 64. Ra1 Ke4 65. Re1+ Kf4 66.
Ra1 Kf3 67. Ke1 Ke3 68. Kf1 Rc2 69. Re1+ Kf4 70. Ra1 Kf3 71. Kg1 e4 72. Rd1 d2
73. Rf1+ Kg3 74. Kh1 Rc1 75. Rxc1 dxc1=Q# 0-1

[Event "8eme Open International de La Fere"]
[Site "La Fere (FRA)"]
[Date "2009.07.08"]
[Round "6.24"]
[White "Baye, Dylan"]
[Black "Waquet, Frederic"]
[Result "0-1"]
[WhiteElo "1050"]
[BlackElo "2005"]
[PlyCount "50"]
[EventDate "2009.??.??"]

1. e4 e6 2. Nf3 d5 3. exd5 exd5 4. g3 Bd6 5. Bg2 Qf6 6. O-O Bg4 7. d4 h6 8.
Qe1+ Ne7 9. Be3 Bxf3 10. Bxf3 Qxf3 11. Nd2 Qf5 12. Qe2 Nbc6 13. Qf3 Qxc2 14.
Rac1 Qf5 15. Qxf5 Nxf5 16. Rfe1 O-O 17. Nf3 Nb4 18. Red1 Nxa2 19. Ra1 Nb4 20.
Ra4 Rfe8 21. Bf4 Bxf4 22. gxf4 a5 23. Rc1 c6 24. Ne5 f6 25. Ng6 Kf7 0-1

[Event "8eme Open International de La Fere"]
[Site "La Fere (FRA)"]
[Date "2009.07.08"]
[Round "6.25"]
[White "Genov, Petar"]
[Black "Daniel, Antoine"]
[Result "1-0"]
[WhiteElo "2478"]
[BlackElo "1835"]
[PlyCount "37"]
[EventDate "2009.??.??"]

1. e4 Nf6 2. e5 Nd5 3. d4 Nb6 4. c4 d6 5. exd6 exd6 6. Nc3 Be7 7. Bd3 Nc6 8.
Nge2 Bf6 9. Be3 O-O 10. b3 Re8 11. O-O Bg4 12. Qd2 d5 13. c5 Nc8 14. h3 Be6 15.
f4 g6 16. f5 Bxf5 17. Bxf5 gxf5 18. Rxf5 Rxe3 19. Qxe3 1-0

[Event "8eme Open International de La Fere"]
[Site "La Fere (FRA)"]
[Date "2009.07.08"]
[Round "6.26"]
[White "Houriez, Clement"]
[Black "Rigolot, Lucie"]
[Result "1-0"]
[WhiteElo "2314"]
[BlackElo "1806"]
[PlyCount "66"]
[EventDate "2009.??.??"]

1. e4 c5 2. Nf3 d6 3. d4 cxd4 4. Nxd4 Nf6 5. Nc3 a6 6. Be2 e6 7. Be3 Qc7 8. a4
b6 9. f4 Bb7 10. Bf3 Nbd7 11. Qe2 Be7 12. g4 Nc5 13. Bd2 Ng8 14. g5 Bf8 15. Bg2
Ne7 16. b4 Nd7 17. f5 e5 18. Nb3 Rc8 19. O-O Qc4 20. Qf3 g6 21. fxg6 Nxg6 22.
Be3 Rd8 23. Nd5 Bxd5 24. exd5 Nf4 25. Bxf4 exf4 26. Rae1+ Ne5 27. Re4 Qxd5 28.
c4 Qa8 29. Qxf4 Qb7 30. Nd4 Bg7 31. Nf5 O-O 32. Nxg7 Kxg7 33. Qf6+ Kg8 1-0

[Event "8eme Open International de La Fere"]
[Site "La Fere (FRA)"]
[Date "2009.07.08"]
[Round "6.27"]
[White "Casier, Fabrice"]
[Black "Forthofer, Robert"]
[Result "0-1"]
[WhiteElo "1820"]
[BlackElo "2263"]
[PlyCount "54"]
[EventDate "2009.??.??"]

1. c4 Nc6 2. Nc3 e5 3. Nf3 f5 4. e4 d6 5. Be2 Nf6 6. d3 Be7 7. Bg5 O-O 8. O-O
Qe8 9. Bxf6 Bxf6 10. Nd5 Bd8 11. b4 Ne7 12. Nd2 c6 13. Nxe7+ Qxe7 14. exf5 Bxf5
15. Nb3 Bb6 16. Rc1 Rad8 17. Bg4 Qh4 18. Bxf5 Rxf5 19. c5 dxc5 20. bxc5 Bc7 21.
Rc4 e4 22. h3 Rg5 23. f4 Qxh3 24. fxg5 Qh2+ 25. Kf2 Rxd3 26. Qxd3 exd3 27. Ke3
Qxg2 0-1

[Event "8eme Open International de La Fere"]
[Site "La Fere (FRA)"]
[Date "2009.07.08"]
[Round "6.28"]
[White "Tillet, Louis-Juan"]
[Black "Belloc, Sidonie"]
[Result "1-0"]
[WhiteElo "2190"]
[BlackElo "1792"]
[PlyCount "63"]
[EventDate "2009.??.??"]

1. e4 e5 2. Nf3 Nc6 3. Nc3 Nf6 4. d4 exd4 5. Nxd4 Bb4 6. Nxc6 Bxc3+ 7. bxc3
dxc6 8. Bd3 O-O 9. O-O Qd6 10. h3 Re8 11. Qf3 Qe5 12. Bf4 Qxc3 13. Rab1 b6 14.
Rb3 Qc5 15. Re1 Be6 16. c4 Rad8 17. e5 Nd7 18. Re4 Nf8 19. Bg5 Rd7 20. Bc1 Ng6
21. Qh5 Qe7 22. Bg5 f6 23. exf6 gxf6 24. Bh6 Qf7 25. Bc2 Rde7 26. Rg3 f5 27.
Re5 Qf6 28. Bxf5 Qxe5 29. Bxg6 Qxh5 30. Bxh5+ Kh8 31. Bg5 h6 32. Bf6+ 1-0

[Event "8eme Open International de La Fere"]
[Site "La Fere (FRA)"]
[Date "2009.07.08"]
[Round "6.29"]
[White "Mataigne, Jean-Michel"]
[Black "Brelot, Loic"]
[Result "1-0"]
[WhiteElo "2053"]
[BlackElo "1756"]
[PlyCount "85"]
[EventDate "2009.??.??"]

1. e4 c6 2. d4 d5 3. Nc3 dxe4 4. Nxe4 Bf5 5. Ng3 Bg6 6. h4 h6 7. Nf3 Nd7 8. h5
Bh7 9. Bd3 Bxd3 10. Qxd3 e6 11. Bf4 Qa5+ 12. Bd2 Qc7 13. O-O-O Ngf6 14. Ne4
Nxe4 15. Qxe4 Nf6 16. Qe2 O-O-O 17. g3 Bd6 18. Kb1 c5 19. dxc5 Bxc5 20. Ne5 Rd5
21. Bf4 Qe7 22. c4 Rdd8 23. Rhe1 Rd4 24. Rxd4 Bxd4 25. Nf3 Bb6 26. Rd1 Rd8 27.
Rxd8+ Qxd8 28. Ne5 Qe7 29. g4 Nd7 30. Nd3 Bc7 31. Bd2 Nc5 32. Ne5 Nd7 33. Nd3
Nc5 34. Bb4 Bd6 35. Ne5 Qc7 36. f4 Na6 37. Bxd6 Qxd6 38. Nxf7 Qxf4 39. Qxe6+
Kc7 40. Qe7+ Kc6 41. Ne5+ Kb6 42. Qd6+ Ka5 43. Nc6+ 1-0

[Event "8eme Open International de La Fere"]
[Site "La Fere (FRA)"]
[Date "2009.07.08"]
[Round "6.30"]
[White "Husson, Cybele"]
[Black "Durot, Edwige"]
[Result "1-0"]
[WhiteElo "2037"]
[BlackElo "1741"]
[PlyCount "65"]
[EventDate "2009.??.??"]

1. e4 c5 2. Nc3 a6 3. g3 b5 4. Bg2 Bb7 5. d3 e6 6. Qe2 Ne7 7. Nf3 d6 8. O-O g6
9. Nd1 Bg7 10. Bd2 Qb6 11. Bc3 O-O 12. Bxg7 Kxg7 13. h4 h5 14. Ng5 Nd7 15. Kh2
Ne5 16. Ne3 Rae8 17. f4 Nd7 18. Qd2 Nc6 19. f5 Nce5 20. fxe6 fxe6 21. Bh3 Rxf1
22. Rxf1 Nf8 23. c3 Bc8 24. d4 cxd4 25. cxd4 Nc4 26. Nxc4 bxc4 27. Rf7+ Kg8 28.
Qf2 Qd8 29. d5 Bd7 30. Qa7 Qb8 31. Rxd7 Qxb2+ 32. Bg2 Nxd7 33. Qxd7 1-0

[Event "8eme Open International de La Fere"]
[Site "La Fere (FRA)"]
[Date "2009.07.08"]
[Round "6.32"]
[White "Neumair, Jerome"]
[Black "Adelise, Theo"]
[Result "1-0"]
[WhiteElo "2007"]
[BlackElo "1735"]
[PlyCount "57"]
[EventDate "2009.??.??"]

1. d4 Nf6 2. c4 g6 3. Nc3 Bg7 4. e4 d6 5. f4 O-O 6. Nf3 Nbd7 7. Bd3 c5 8. d5 a6
9. a4 Kh8 10. O-O e6 11. h3 Ng8 12. dxe6 fxe6 13. Qc2 e5 14. f5 Ne7 15. Ng5 Nb8
16. fxg6 Rxf1+ 17. Bxf1 Qf8 18. gxh7 Nbc6 19. Qd1 Bd7 20. Ra3 b6 21. Nd5 Nxd5
22. cxd5 Nd4 23. Rg3 Qf6 24. Qh5 Rf8 25. Bxa6 Qf2+ 26. Kh2 b5 27. Be3 Qf6 28.
Bxd4 cxd4 29. Rf3 1-0

[Event "8eme Open International de La Fere"]
[Site "La Fere (FRA)"]
[Date "2009.07.08"]
[Round "6.33"]
[White "Auroy, Didier"]
[Black "Vernede, Victor"]
[Result "1-0"]
[WhiteElo "2000"]
[BlackElo "1720"]
[PlyCount "125"]
[EventDate "2009.??.??"]

1. d4 e6 2. Nf3 d5 3. c4 Nf6 4. Nc3 c6 5. Bg5 Be7 6. Qc2 Nbd7 7. e3 h6 8. Bh4
Bb4 9. cxd5 exd5 10. Bd3 O-O 11. Bg3 Re8 12. h3 Qa5 13. Nd2 Bxc3 14. bxc3 a6
15. O-O c5 16. Rfe1 c4 17. Bf1 Ne4 18. Nxe4 Rxe4 19. Bxc4 Nf6 20. Bd3 Re8 21.
c4 dxc4 22. Qxc4 Be6 23. Qc7 Qxc7 24. Bxc7 Bd5 25. f3 Rac8 26. Ba5 Bc4 27. Bf1
b5 28. e4 Kh7 29. a4 Bxf1 30. Kxf1 Rc4 31. axb5 axb5 32. d5 Nd7 33. Rec1 f5 34.
Rxc4 bxc4 35. exf5 Re5 36. g4 Rxd5 37. Bc3 Rd3 38. Ra7 Rxc3 39. Rxd7 Rxf3+ 40.
Kg2 Rf4 41. Kg3 Rf1 42. Rc7 Rc1 43. f6 c3 44. Rxg7+ Kh8 45. Rc7 Kg8 46. Kh4 c2
47. Kh5 Rf1 48. f7+ Rxf7 49. Rxc2 Kh7 50. Rc6 Rf3 51. Rxh6+ Kg7 52. h4 Rh3 53.
Ra6 Rh2 54. Kg5 Rg2 55. Ra7+ Kf8 56. h5 Kg8 57. h6 Kh8 58. Kh5 Rg1 59. g5 Kg8
60. Kg6 Rxg5+ 61. Kxg5 Kf8 62. h7 Ke8 63. h8=Q# 1-0

[Event "8eme Open International de La Fere"]
[Site "La Fere (FRA)"]
[Date "2009.07.08"]
[Round "6.34"]
[White "Guille, Nicolas"]
[Black "Feryn, Alexandre"]
[Result "1-0"]
[WhiteElo "1782"]
[BlackElo "1994"]
[PlyCount "113"]
[EventDate "2009.??.??"]

1. e4 c5 2. Nf3 e6 3. Bc4 a6 4. O-O b5 5. Be2 Bb7 6. d3 Be7 7. Ne5 d6 8. Ng4
Nd7 9. f4 h5 10. Ne3 Ngf6 11. c4 Qc7 12. b3 Nxe4 13. dxe4 Bf6 14. e5 dxe5 15.
Bb2 exf4 16. Bxf6 Nxf6 17. Nc2 Rd8 18. Qc1 bxc4 19. Qxf4 Qxf4 20. Rxf4 cxb3 21.
axb3 Nd5 22. Rc4 Rc8 23. Ra5 Kd7 24. Raxc5 Nf4 25. Bf3 Bxf3 26. gxf3 Rxc5 27.
Rxc5 Rh6 28. Ne3 Rg6+ 29. Kf1 Nh3 30. Ng2 Rg5 31. Rxg5 Nxg5 32. Nd2 e5 33. Ke2
Ne6 34. Kd3 f5 35. Nc4 Nc5+ 36. Kc3 Ke6 37. h4 Kf6 38. Kb4 Nd3+ 39. Ka5 g5 40.
hxg5+ Kxg5 41. Nxe5 Nxe5 42. f4+ Kf6 43. fxe5+ Kxe5 44. Kxa6 f4 45. b4 f3 46.
Ne3 Ke4 47. Nf1 f2 48. b5 Kf3 49. b6 Kg2 50. Nd2 f1=Q+ 51. Nxf1 Kxf1 52. b7 h4
53. b8=Q Kg2 54. Qb2+ Kg3 55. Qc3+ Kg2 56. Qd2+ Kg3 57. Qe1+ 1-0

[Event "8eme Open International de La Fere"]
[Site "La Fere (FRA)"]
[Date "2009.07.08"]
[Round "6.35"]
[White "Obert, Julien"]
[Black "Deneuville, Ludovic"]
[Result "0-1"]
[WhiteElo "1790"]
[BlackElo "1984"]
[PlyCount "76"]
[EventDate "2009.??.??"]

1. e4 g6 2. d4 Bg7 3. Nf3 d6 4. Nc3 Nf6 5. Be2 O-O 6. O-O c6 7. h3 b5 8. a3 Bb7
9. Re1 Nbd7 10. Bf4 a5 11. Bf1 b4 12. Nb1 c5 13. d5 Nh5 14. Bc1 Qc7 15. c3 Rfb8
16. Bd2 e6 17. dxe6 fxe6 18. axb4 axb4 19. Rxa8 Bxa8 20. cxb4 cxb4 21. g4 Nhf6
22. Ng5 Nc5 23. Bf4 Rd8 24. Bc4 Qe7 25. Nd2 h6 26. Ngf3 Nfxe4 27. Nxe4 Bxe4 28.
Nd2 Ba8 29. Nb3 d5 30. Nxc5 dxc4 31. Qe2 Qxc5 32. Qxe6+ Kh7 33. Be5 Qd5 34.
Qxd5 Bxd5 35. Bxg7 Kxg7 36. Re7+ Bf7 37. Rb7 Rd1+ 38. Kh2 b3 0-1

[Event "8eme Open International de La Fere"]
[Site "La Fere (FRA)"]
[Date "2009.07.08"]
[Round "6.36"]
[White "Mestdagh, Franck"]
[Black "Pruvost, Alain"]
[Result "1-0"]
[WhiteElo "1937"]
[BlackElo "1602"]
[PlyCount "39"]
[EventDate "2009.??.??"]

1. d4 c5 2. Nf3 e6 3. g3 Nf6 4. Bg2 Be7 5. O-O O-O 6. c4 d5 7. dxc5 Bxc5 8.
cxd5 Nxd5 9. e4 Nb4 10. Qe2 Qb6 11. Nc3 Qa6 12. Qxa6 N4xa6 13. a3 h6 14. h4 Bb6
15. b4 Bd7 16. Rd1 Nc7 17. Bf1 a6 18. Bf4 Bc6 19. a4 Nd7 20. a5 1-0

[Event "8eme Open International de La Fere"]
[Site "La Fere (FRA)"]
[Date "2009.07.08"]
[Round "6.37"]
[White "Khalfaoui, Mathias"]
[Black "Hoelting, Siegfried"]
[Result "1-0"]
[WhiteElo "1680"]
[BlackElo "1920"]
[PlyCount "54"]
[EventDate "2009.??.??"]

1. e4 c5 2. c3 e6 3. d4 d5 4. e5 Nc6 5. Nf3 cxd4 6. cxd4 Bb4+ 7. Bd2 Bxd2+ 8.
Qxd2 Nge7 9. Nc3 a6 10. Bd3 h6 11. O-O Nf5 12. Bxf5 exf5 13. Rac1 O-O 14. Na4
Ne7 15. Rc2 b6 16. b3 Bd7 17. Qb4 Rb8 18. Rfc1 Be6 19. Rc7 Nc8 20. Nb2 Re8 21.
Qa4 a5 22. Qb5 Re7 23. R7c2 Rbb7 24. Na4 Re8 25. Ne1 Rb8 26. Nf3 Bd7 27. Qxd5
Qe7 1-0

[Event "8eme Open International de La Fere"]
[Site "La Fere (FRA)"]
[Date "2009.07.08"]
[Round "6.38"]
[White "Boudier, Eric"]
[Black "Parent, Henri"]
[Result "1-0"]
[WhiteElo "1883"]
[BlackElo "1600"]
[PlyCount "81"]
[EventDate "2009.??.??"]

1. Nc3 e6 2. d4 c5 3. e4 cxd4 4. Qxd4 Nc6 5. Qa4 Bb4 6. Bd2 Qa5 7. Qxa5 Bxa5 8.
Bc4 Nf6 9. f3 O-O 10. Nge2 Nb4 11. Bb3 b5 12. O-O Bb6+ 13. Kh1 a6 14. Rad1 Nc6
15. Bg5 a5 16. a4 b4 17. Nb5 h6 18. Bh4 g5 19. Bg3 e5 20. Rd6 Ne8 21. Bxe5 Nxd6
22. Bxd6 Re8 23. Ng3 Ba6 24. Nf5 Nd4 25. Ne7+ Kg7 26. Be5+ f6 27. Bxd4 Bxb5 28.
Nf5+ Kg6 29. axb5 Bxd4 30. Nxd4 Reb8 31. Bd5 Ra7 32. b3 a4 33. bxa4 Rxa4 34.
Bb3 Ra3 35. h3 Rb6 36. Nf5 Rxb5 37. Rd1 Rb7 38. Bf7+ Kh7 39. Rd6 Ra1+ 40. Kh2
Rc1 41. Rxf6 1-0

[Event "8eme Open International de La Fere"]
[Site "La Fere (FRA)"]
[Date "2009.07.08"]
[Round "6.39"]
[White "Eeckhout, Jean-Louis"]
[Black "Neumair, Cedric"]
[Result "1/2-1/2"]
[WhiteElo "1723"]
[BlackElo "1845"]
[PlyCount "128"]
[EventDate "2009.??.??"]

1. d4 Nf6 2. c4 e6 3. Nf3 b6 4. g3 Bb7 5. Bg2 Be7 6. Nc3 O-O 7. Qc2 d5 8. cxd5
exd5 9. O-O Nbd7 10. Re1 Rc8 11. Bg5 Re8 12. Nd2 h6 13. Bxf6 Nxf6 14. Bh3 Ra8
15. Rad1 c5 16. e3 Bf8 17. Bf5 Bc8 18. Nf3 Bxf5 19. Qxf5 g6 20. Qc2 Rc8 21. Ne5
cxd4 22. exd4 Ne4 23. f3 Nxc3 24. bxc3 Qc7 25. Qb3 Red8 26. Rc1 Bg7 27. f4 h5
28. h4 Qd6 29. Qa4 Rc7 30. Nf3 Qc6 31. Qxc6 Rxc6 32. Ne5 Rc7 33. Kf2 Rdc8 34.
Re3 b5 35. Ke2 b4 36. Rc2 bxc3 37. Kd3 Bf8 38. Re1 Ba3 39. Nf3 f6 40. Re6 Kf7
41. Ra6 Bb2 42. Ra5 Ke6 43. Ra6+ Kf5 44. Nh2 Re8 45. Rd6 Rce7 46. Nf1 Re1 47.
Rf2 R8e4 48. Rxd5+ Ke6 49. Rd8 Ke7 50. Rd5 Re6 51. f5 gxf5 52. Rdxf5 Rd1+ 53.
Kc2 Rc1+ 54. Kb3 Rb6+ 55. Kc4 Rd1 56. Ne3 Rxd4+ 57. Kc5 Rd2 58. Nd5+ Ke8 59.
Rxd2 cxd2 60. Ne3 Ba3+ 61. Kc4 Rb1 62. Rd5 Re1 63. Rd3 Be7 64. Kd4 Rg1 1/2-1/2

[Event "8eme Open International de La Fere"]
[Site "La Fere (FRA)"]
[Date "2009.07.08"]
[Round "6.43"]
[White "Pavillon, Guillaume"]
[Black "Rouffignac, Marie"]
[Result "1-0"]
[WhiteElo "1843"]
[BlackElo "1410"]
[PlyCount "61"]
[EventDate "2009.??.??"]

1. c4 e6 2. e4 Nf6 3. Nc3 d5 4. e5 Nfd7 5. d4 Nb6 6. c5 N6d7 7. Be3 Nc6 8. Rb1
b6 9. b4 bxc5 10. bxc5 Rb8 11. Rxb8 Ndxb8 12. f4 f6 13. Bd3 fxe5 14. Qh5+ g6
15. Bxg6+ hxg6 16. Qxh8 exd4 17. Bxd4 Nxd4 18. Qxd4 Qh4+ 19. g3 Qg4 20. Qe5 Nd7
21. Qxc7 Ba6 22. c6 Nb6 23. Qb8+ Kf7 24. Qxa7+ Kf6 25. Qxb6 Bd3 26. Qd4+ Kf7
27. Qxd3 Bc5 28. Nxd5 exd5 29. Qxd5+ Qe6+ 30. Qxe6+ Kxe6 31. Nf3 1-0

[Event "8eme Open International de La Fere"]
[Site "La Fere (FRA)"]
[Date "2009.07.08"]
[Round "6.42"]
[White "Pierret, Paul"]
[Black "Pytel, Bozena"]
[Result "0-1"]
[WhiteElo "1495"]
[BlackElo "1957"]
[PlyCount "112"]
[EventDate "2009.??.??"]

1. d4 f5 2. Bf4 Nf6 3. Nc3 g6 4. e3 Bg7 5. Be2 d6 6. Nf3 O-O 7. O-O c6 8. b4
Nbd7 9. a4 Nh5 10. Ng5 Nxf4 11. exf4 Nf6 12. d5 cxd5 13. Rb1 h6 14. a5 e6 15.
Nf3 Ne4 16. Nxe4 fxe4 17. Nd2 Rxf4 18. g3 Rf8 19. Rb3 a6 20. f3 Bd4+ 21. Kg2 e3
22. Nb1 Ba7 23. Na3 Bd7 24. Qd3 Kh7 25. b5 Qxa5 26. bxa6 bxa6 27. Rb7 Rf7 28.
Nb1 Bc5 29. h4 Be8 30. Rb3 Bb5 31. Qd1 Bc4 32. Bxc4 dxc4 33. Rc3 d5 34. Qe1 Qb6
35. Qd1 Bb4 36. Re1 Bxc3 37. Nxc3 d4 38. Ne2 e5 39. Nc1 a5 40. Qe2 Qc6 41. Rd1
Raf8 42. Rf1 a4 43. Qd1 a3 44. Qe2 Qb5 45. Qd1 Qb2 46. Qe2 a2 47. Nxa2 Qxa2 48.
Qd1 d3 49. Kh3 e2 50. Qa1 exf1=Q+ 51. Qxf1 Qxc2 52. Qe1 Qe2 53. Qc3 Qxf3 54.
Qxc4 Qh1+ 55. Kg4 h5+ 56. Kg5 Rf5# 0-1

[Event "8eme Open International de La Fere"]
[Site "La Fere (FRA)"]
[Date "2009.07.08"]
[Round "6.40"]
[White "Cozette, Michael"]
[Black "Laufer, Maurice"]
[Result "1-0"]
[WhiteElo "2020"]
[BlackElo "1547"]
[PlyCount "69"]
[EventDate "2009.??.??"]

1. e4 Nf6 2. e5 Nd5 3. c4 Nb6 4. d4 d6 5. exd6 exd6 6. Nf3 Be7 7. Be2 O-O 8.
O-O Bg4 9. Be3 N8d7 10. b3 c6 11. Nc3 Bf6 12. Ne4 Be7 13. Bf4 Nf6 14. Ng3 Nbd7
15. h3 Bh5 16. Nf5 Ne4 17. Re1 Nc3 18. Qd2 Nxe2+ 19. Qxe2 Bf6 20. g4 Bg6 21.
Nxd6 h6 22. Nxb7 Qc8 23. Nd6 Qd8 24. Rad1 Bg5 25. Bxg5 hxg5 26. Qe7 f6 27. h4
Nb6 28. hxg5 Nc8 29. Qe6+ Bf7 30. Nxf7 Rxf7 31. g6 Qc7 32. gxf7+ Kh7 33. f8=Q
Qf4 34. Qfg8+ Kh6 35. Qh8+ 1-0

[Event "8eme Open International de La Fere"]
[Site "La Fere (FRA)"]
[Date "2009.07.08"]
[Round "6.44"]
[White "Eggink, Gerhard"]
[Black "Duquenne, Eddy"]
[Result "1-0"]
[WhiteElo "1979"]
[BlackElo "1499"]
[PlyCount "81"]
[EventDate "2009.??.??"]

1. e4 c5 2. Nf3 Nc6 3. d4 cxd4 4. Nxd4 a6 5. Nc3 e6 6. a3 Qc7 7. Be3 b6 8. Be2
Nf6 9. O-O h5 10. h3 Nxd4 11. Bxd4 Bd6 12. Re1 Bb7 13. Bf3 Ng4 14. Bxg4 hxg4
15. Qxg4 O-O-O 16. Na4 Be5 17. c3 Kb8 18. b4 Bxd4 19. cxd4 d5 20. e5 Ka7 21.
Rac1 Qd7 22. Nc3 g6 23. a4 Qe7 24. a5 b5 25. Na2 Rh4 26. Qg3 Rxd4 27. Qe3 Qh4
28. Rcd1 Rc8 29. Qxd4+ Qxd4 30. Rxd4 Rc4 31. Rxc4 dxc4 32. Rd1 Bd5 33. Nc3 Bc6
34. f4 Kb7 35. Kf2 Kc7 36. g4 Bd7 37. h4 Be8 38. h5 gxh5 39. gxh5 f6 40. h6 Bg6
41. exf6 1-0

[Event "8eme Open International de La Fere"]
[Site "La Fere (FRA)"]
[Date "2009.07.08"]
[Round "6.45"]
[White "Feryn, Benjamin"]
[Black "Bouguettouche, Didier"]
[Result "1-0"]
[WhiteElo "1954"]
[BlackElo "1460"]
[PlyCount "57"]
[EventDate "2009.??.??"]

1. e4 e5 2. Nc3 Bc5 3. Bc4 d6 4. Na4 Bb6 5. Nxb6 axb6 6. f4 exf4 7. Nf3 Be6 8.
Bb5+ Bd7 9. Bxd7+ Nxd7 10. d3 Ngf6 11. Bxf4 O-O 12. O-O h6 13. Qd2 Kh7 14. Nd4
g6 15. Bxh6 Rh8 16. Qf4 Qe7 17. Bg5 Kg7 18. Qg3 Rh5 19. Bxf6+ Nxf6 20. Nf5+
Rxf5 21. exf5 Kh8 22. fxg6 Rg8 23. Qh4+ Kg7 24. Rxf6 Qxf6 25. Qh7+ Kf8 26. gxf7
Rg7 27. Qh8+ Ke7 28. Re1+ Kd7 29. Qe8# 1-0

[Event "8eme Open International de La Fere"]
[Site "La Fere (FRA)"]
[Date "2009.07.08"]
[Round "6.41"]
[White "Calonne, Pascal"]
[Black "Soveaux, Jean"]
[Result "0-1"]
[WhiteElo "1545"]
[BlackElo "1947"]
[PlyCount "126"]
[EventDate "2009.??.??"]

1. e4 e5 2. Nf3 Nc6 3. d4 exd4 4. Bc4 Be7 5. c3 Na5 6. Bd3 d6 7. cxd4 Bd7 8.
Nc3 Nc6 9. e5 dxe5 10. dxe5 Be6 11. Bb5 a6 12. Bxc6+ bxc6 13. O-O h6 14. Nd4
Qd7 15. Nxe6 Qxe6 16. Qe2 Bb4 17. f4 Ne7 18. Ne4 O-O 19. a3 Ba5 20. Nc5 Bb6 21.
Be3 Qc8 22. Na4 Rb8 23. b4 Nd5 24. Bc5 Re8 25. Nxb6 cxb6 26. Bd6 Ra8 27. Qh5
Ne3 28. Rf3 Nf5 29. Rd1 Qe6 30. g4 Nxd6 31. Rxd6 Qc4 32. g5 Re6 33. Rxe6 Qxe6
34. gxh6 Rd8 35. hxg7 Rd1+ 36. Kg2 Rd2+ 37. Kg3 Kxg7 38. h3 c5 39. bxc5 bxc5
40. Qg4+ Qg6 41. Qxg6+ Kxg6 42. Rc3 Kf5 43. h4 c4 44. a4 Rd3+ 45. Rxd3 cxd3 46.
Kf3 d2 47. Ke2 d1=Q+ 48. Kxd1 Kxf4 49. Kd2 Kxe5 50. h5 Kf5 51. Ke3 Kg5 52. Kd4
Kxh5 53. Kc5 f5 54. a5 f4 55. Kb6 f3 56. Kxa6 f2 57. Kb7 f1=Q 58. a6 Qf3+ 59.
Kb8 Qf4+ 60. Kb7 Qe4+ 61. Kb8 Qe5+ 62. Ka7 Qc7+ 63. Ka8 Kg5 0-1

[Event "8eme Open International de La Fere"]
[Site "La Fere (FRA)"]
[Date "2009.07.08"]
[Round "6.46"]
[White "Hutin, Evgueny"]
[Black "Cassol, Robert"]
[Result "1-0"]
[WhiteElo "1919"]
[BlackElo "1430"]
[PlyCount "89"]
[EventDate "2009.??.??"]

1. d4 Nf6 2. Bg5 d6 3. Nc3 c6 4. e4 Qc7 5. Nf3 h6 6. Bf4 Bg4 7. Bd3 Nbd7 8. h3
Bh5 9. g4 Bg6 10. e5 dxe5 11. Nxe5 Nxe5 12. dxe5 Nd5 13. Nxd5 cxd5 14. Bb5+ Kd8
15. Qxd5+ Kc8 16. c3 e6 17. Qb3 Be4 18. Rh2 Bd5 19. c4 Qa5+ 20. Bd2 Qc7 21. f4
Bc6 22. O-O-O Bxb5 23. Qxb5 Bc5 24. Qb3 Qb6 25. Qxb6 axb6 26. a3 Kc7 27. Re2
Ra4 28. Re4 Rha8 29. Kc2 Kc6 30. b4 Rxa3 31. bxc5 Ra2+ 32. Kd3 R8a3+ 33. Bc3
Rh2 34. Re3 Kxc5 35. Rb1 Rf2 36. Rb5+ Kc6 37. Ke4 Rc2 38. Bd4 Rxe3+ 39. Kxe3
Rxc4 40. Rxb6+ Kc7 41. Rd6 Rb4 42. f5 Rb3+ 43. Ke4 Rxh3 44. Bb6+ Kc8 45. Rd8#
1-0

[Event "8eme Open International de La Fere"]
[Site "La Fere (FRA)"]
[Date "2009.07.08"]
[Round "6.47"]
[White "Louis, Andre"]
[Black "Pruvost, Loic"]
[Result "1-0"]
[WhiteElo "1862"]
[BlackElo "1420"]
[PlyCount "61"]
[EventDate "2009.??.??"]

1. e4 e6 2. d4 d5 3. e5 c5 4. c3 Nc6 5. Nf3 Qb6 6. a3 Be7 7. b4 cxd4 8. cxd4
Bxb4+ 9. axb4 Qxb4+ 10. Qd2 Qxd2+ 11. Bxd2 Nge7 12. Bd3 O-O 13. Na3 Bd7 14. O-O
f6 15. exf6 Rxf6 16. Ne5 Nxe5 17. dxe5 Rff8 18. Nb5 Nc6 19. f4 a6 20. Nd6 Nd4
21. Nxb7 Ra7 22. Nc5 Bb5 23. Bxb5 Nxb5 24. Nxe6 Re8 25. Nc5 Rea8 26. Ra5 Nd4
27. Rfa1 Ne2+ 28. Kf2 Nd4 29. Rxa6 Rxa6 30. Rxa6 Rxa6 31. Nxa6 1-0

[Event "8eme Open International de La Fere"]
[Site "La Fere (FRA)"]
[Date "2009.07.08"]
[Round "6.48"]
[White "Deblock, Gilbert"]
[Black "Poulain, Andre"]
[Result "0-1"]
[WhiteElo "1499"]
[BlackElo "1820"]
[PlyCount "50"]
[EventDate "2009.??.??"]

1. d4 Nf6 2. c4 e5 3. Nc3 exd4 4. Qxd4 Nc6 5. Qe3+ Be7 6. Nf3 O-O 7. c5 Nb4 8.
Qd2 Bxc5 9. e3 d6 10. Bc4 Bg4 11. Be2 Bf5 12. a3 Nc2+ 13. Kf1 Nxa1 14. e4 Nxe4
15. Nxe4 Bxe4 16. b4 Nb3 17. Qb2 Nxc1 18. Qxc1 Bb6 19. Qc4 Qe7 20. g3 Rfe8 21.
Qc1 Bc6 22. b5 Qxe2+ 23. Kg2 Qxf3+ 24. Kh3 Bd7+ 25. Kh4 Qg4# 0-1